Catálogo

LA REGION MARINA NORESTE Y SUS PLATAFORMAS = THE NORTHEAST OFFSHORE REGION AND ITS PLATFORMS (Registro nro. 59617)

Detalles MARC
000 -LEADER
fixed length control field 00539nam a2200157 a 4500
001 - CONTROL NUMBER
control field 59617
005 - DATE AND TIME OF LATEST TRANSACTION
control field 20180714060630.0
008 - FIXED-LENGTH DATA ELEMENTS--GENERAL INFORMATION
fixed length control field 140415s2003 mx 000 0 spa d
041 ## - LANGUAGE CODE
Language code of text/sound track or separate title spa
082 ## - DEWEY DECIMAL CLASSIFICATION NUMBER
Classification number 553.28
Item number REG
245 03 - TITLE STATEMENT
Title LA REGION MARINA NORESTE Y SUS PLATAFORMAS = THE NORTHEAST OFFSHORE REGION AND ITS PLATFORMS
250 ## - EDITION STATEMENT
Edition statement 1a ed.
260 ## - PUBLICATION, DISTRIBUTION, ETC.
Place of publication, distribution, etc. MEXICO :
Name of publisher, distributor, etc. PEMEX,
Date of publication, distribution, etc. 2003,
300 ## - PHYSICAL DESCRIPTION
Extent 119
650 14 - SUBJECT ADDED ENTRY--TOPICAL TERM
Topical term or geographic name entry element PLATAFORMAS DE PERFORACION (PETROLEOS) MEXICO
General subdivision OCEANOS
-- PLATAFORMAS DE PERFORACION (PETROLEOS) MEXICO
Existencias
Withdrawn status Lost status Source of classification or shelving scheme Damaged status Not for loan Collection code Home library Current library Shelving location Date acquired Source of acquisition Inventory number Total Checkouts Full call number Barcode Date last seen Price effective from Koha item type
    Dewey Decimal Classification     General Biblioteca Karol Wojtyla Biblioteca Karol Wojtyla Sala general 03/12/2013 Compra 151000000000000000000103   553.28 REG 2003 90014 05/01/2026 24/07/2014 Libro